00000000cas 2200000zi 4500
0019.962736
003CaOODSP
00520260513114607
006m     o  d f      
007cr cn ||||||||
008260512d19851991oncqx p o    f0### 0fre|d
022 |y1184-9436
040 |aCaOODSP|bfre|erda|cCaOODSP
043 |an-cn---
0861 |aC12-14F-PDF
1300 |aInnovation (Ottawa, Ont.). |lFrançais.
24512|aL'innovation.
24613|aSupplément sur l'innovation
264 1|aOttawa (Ontario) : |bMinistère de l'expansion industrielle régionale, |c[1985-1991?]
310 |aTrimestriel
336 |atexte|btxt|2rdacontent/fre
337 |ainformatique|bc|2rdamedia/fre
338 |aressource en ligne|bcr|2rdacarrier/fre
3621 |aParaît depuis : Mars 1985; ne paraît plus après été 1991?
500 |aPublié aussi en anglais sous le titre : Innovation.
500 |aÉdition numérisée de l'imprimé [par Innovation, sciences et développement économique Canada].
525 |aSupplément à : Commerce Canada.
550 |aPublié par : Industrie, sciences et technologie Canada, 1988-
588 |aDescription d'après : Mars 1985; titre de la page couverture du fichier PDF.
588 |aDernière livraison consultée : Printemps 1990.
650 6|aInnovations|zCanada|vPériodiques.
650 6|aTransfert de technologie|zCanada|vPériodiques.
655 7|aPériodiques|2rvmgf
7101 |aCanada. |bMinistère de l'expansion industrielle régionale, |eorganisme de publication.
7101 |aCanada. |bIndustrie, sciences et technologie Canada, |eorganisme de publication.
77508|tInnovation.|w(CaOODSP)9.962737
7760#|tL'innovation |w(CaOODSP)9.512603
78000|tNew products bulletin = |w(CaOODSP)9.958439